| 000 | 01261nam a22002657a 4500 | ||
|---|---|---|---|
| 005 | 20170124103022.0 | ||
| 010 | _aB-112750 | ||
| 020 |
_c65.00 _a8123011083 |
||
| 035 | _aB-112750 | ||
| 037 | _bCen Lib/Ret | ||
| 040 |
_aDPL _bHN |
||
| 082 |
_a क _bमूर्तिआ |
||
| 100 |
_aमूर्ति, आर. के _9143234 |
||
| 245 |
_aमहापुरुषों के प्रेरक प्रसंग / _cआर. के मूर्ति ; अनुवादक राधानाथ चतुर्वेदी |
||
| 246 |
_aMahapurshon ke prerak prasang / _bby R. K. Murti ; anuwadak Radhanath Chaturvedi |
||
| 260 |
_aनई दिल्ली _bप्रकाशन विभाग _c2003 |
||
| 270 |
_aपटियाला हाउस _bनई दिल्ली _e110001 |
||
| 300 |
_a175पृ. _c21सेमी (सजिल्द ) |
||
| 650 |
_aहिंदी साहित्य _x _z _9143235 |
||
| 650 |
_aहिंदी साहित्य--लघु कथाएँ _v _9143236 |
||
| 650 |
_aHindi literature _9143237 |
||
| 650 |
_aHindi literature--Short Stories _9143238 |
||
| 700 |
_a चतुर्वेदी, राधानाथ _942542 |
||
| 942 |
_2ddc _cHN _hक _mमूर्तिआ |
||
| 999 |
_c115312 _d115312 |
||